Obálka Náhled e-knihy:
Epub
Pro půjčování e-knih musíte být přihlášeni.
Jak si půjčit online?

Mirror world. III., Pouť vyděděnce /

Další část z řady sci-fi románů, které popisují neúprosný svět virtuální reality. Hlavní hrdina Oleg i v tomto dílu bojuje o záchranu své dcery.

Uloženo v:
Série:Mirror world, část 3
Hlavní autor: Osadčuk, Alexej, 1979- (Autor)
Další autoři: Benda, Jan (Autor)
Médium: E-kniha
Jazyk:Czech
Vydáno: Ostrava : Fantom Print, 2023
Vydání:1. vydání
Témata:
Příbuzné jednotky:Název anglického překladu:: Way of the outcast
Z cyklu:: Mirror world
Tagy:
Žádné tagy
LEADER 02727nam a2200481 i 4500
001 311858
003 CZ PrSKC
005 20260601215713.0
007 ta
008 230314s2023 xr g 000 f cze
015 |a cnb003506909 
020 |a 9788075941305  |q (brožováno) 
035 |a (OCoLC)1381702540 
040 |a ABG001  |b cze  |d ABA001  |e rda 
041 1 |a cze  |k eng  |h rus 
072 7 |a 821.161.1  |x Ruská literatura, rusky psaná  |2 Konspekt 
080 |a 821.161.1-31  |2 MRF 
080 |a (0:82-311.9)  |2 MRF 
100 1 |a Osadčuk, Alexej,  |d 1979-  |7 xx0273768  |4 aut 
240 1 0 |a Put‘ izgoja.  |l Česky 
245 1 0 |a Mirror world.  |n III.,  |p Pouť vyděděnce /  |c Alexej Osadčuk ; překlad Jan Benda 
246 3 0 |a Pouť vyděděnce 
250 |a 1. vydání 
264 1 |a Ostrava :  |b Fantom Print,  |c 2023 
300 |a 351 stran ;  |c 21 cm 
336 |a text  |b txt  |2 rdacontent 
337 |a bez média  |b n  |2 rdamedia 
338 |a svazek  |b nc  |2 rdacarrier 
500 |a Přeloženo z anglického překladu ruského originálu 
520 2 |a Další část z řady sci-fi románů, které popisují neúprosný svět virtuální reality. Hlavní hrdina Oleg i v tomto dílu bojuje o záchranu své dcery.  |b V Mirror Worldu to vře a jeho mapu čekají dramatické změny. Všichni se připravují na kolonizaci země nikoho. Nejsilnější klany si brousí zuby na nejlukrativnější kousíčky nových území a vysílají na expedice průzkumné oddíly složené z nejlepších válečníků. Ceny zdrojů vyletěly nahoru jako hejno vyplašených holubů, vznikají nová spojenectví a aliance, žoldnéři si vylepšují brnění a brousí meče; jejich čas se kvapem blíží. V Mirror Worldu se schyluje k válce... Ani Oleg nezahálí a vydává se vstříc svému cíli - starobylému městu ennanů. Zbývá mu jediné - nabrat nové síly... Nakladatelská anotace. Kráceno. 
546 |a Český text 
655 7 |a rusky psané romány  |7 fd227906  |2 czenas 
655 7 |a vědecko-fantastické romány  |7 fd133847  |2 czenas 
655 9 |a fiction in Russian  |2 eczenas 
655 9 |a science fiction novels  |2 eczenas 
700 1 |a Benda, Jan  |7 ola20191051181  |4 trl 
765 0 8 |i Název anglického překladu:  |t Way of the outcast 
787 0 8 |i Z cyklu:  |t Mirror world  |g 3 
900 |a ABA001  |b 21 
044 |a xr 
910 |a RBIT002 
998 |d 368523  |a https://core.palmknihy.cz/api/books/368523/cover?rqj7o4  |b https://core.palmknihy.cz/api/books/368523/cover/400?rqj7o4  |c https://core.palmknihy.cz/api/books/368523/cover/50?rqj7o4  |e 2026-11-11  |g 352  |i 9788075941305  |j https://core.palmknihy.cz/api/books/368523/preview.epub  |l   |q 49  |r 1  |s https://www.palmknihy.cz/kniha/368523  |t ebook  |y 2023  |z 0  |v Mirror World  |w 3 
999 |d 311856